Score 0/16 Timer 05:00
5 Plays Today
% Correct
Star Trek (William Shatner / Captain James T. Kirk)
97%
Star Trek: The Next Generation (Patrick Stewart / Captain Jean-Luc Picard)
90.9%
Batman (Cesar Romero / The Joker)
90.7%
Indiana Jones and the Temple of Doom (Harrison Ford / Indy)
89.9%
Thor: The Dark World (Chris Hemsworth / Thor)
86.2%
Terminator 2: Judgment Day (Arnold Schwarzenegger & Edward Furlong)
81.6%
Xena: Warrior Princess (Lucy Lawless / Xena)
78.8%
Twilight (Kristen Stewart & Robert Pattinson)
74.7%
% Correct
The Lord of the Rings: The Return of the King (Billy Boyd / Pippin)
70.3%
Spaceballs (Barf, Dot Matrix, Lone Starr, Princess Vespa)
70.2%
Ben-Hur (Charlton Heston / Judah Ben-Hur)
69.4%
Flashdance (Jennifer Beals / Alex)
59.4%
Buffy the Vampire Slayer (Sarah Michelle Gellar / Buffy Summers)
54.5%
The Great Escape (Steve McQueen / Virgil Hilts)
46%
The Princess Bride (Robin Wright / Buttercup)
31.6%
Moonraker (Richard Kiel / Jaws)
21.4%
Remove Ads.
Support Sporcle.
Get the best of Sporcle when you Go Orange. This ad-free experience offers more features, more stats, and more fun while also helping to support Sporcle. Thank you for becoming a member.

You're not logged in!

Compare scores with friends on all Sporcle quizzes.
OR
Log In

Sporcle TV

Today on Sporcle TV


Watch our educational content, quiz creation guides, and fun videos on Sporcle TV.

Show Comments

Extras

Top Quizzes Today


Score Distribution

Paid Content

Your Account Isn't Verified!

In order to create a playlist on Sporcle, you need to verify the email address you used during registration. Go to your Sporcle Settings to finish the process.

Report this User

Report this user for behavior that violates our Community Guidelines.

Details: